L'année 2022 en sport - Statistiques

Statistiques générales
  • Ce quiz a été pris 100 fois
    52 depuis la dernière actualisation
  • Le résultat moyen est 15 sur 20
Statistiques - réponses
Questions Réponses % Correct
En fin d'année, quel pays s'est imposé en finale de Coupe du Monde de football ? Argentine
100%
Quel attaquant, grand artisan de cette victoire, a remporté le Ballon d'Or ? Karim Benzema
100%
Quel joueur français a inscrit un triplé sans pour autant permettre à son équipe de gagner le match ? Kylian Mbappé
100%
Quel club de foot a remporté la Ligue des Champions ? Réal Madrid
100%
Quel tennisman remporte Wimbledon ? Novak Djokovic
98%
Quel tennisman remporte l'US Open ? Carlos Alcaraz
96%
Quel tennisman remporte l'Open d'Australie ? Rafael Nadal
93%
Quel tennisman remporte Roland Garros ? Rafael Nadal
93%
Quel pays remporte le Tournoi des Six Nations en réussissant le Grand Chelem ? France
87%
Quel pilote de Formule 1 remporte les championnats du monde cette année-là ? Max Verstappen
83%
Quel club a remporté la Coupe de France, lui permettant alors de jouer la Ligue Europa malgré une saison moyenne en championnat ? FC Nantes
74%
Quel club de français remporte la Champions Cup face au Leinster avant de réitérer la performance l'année suivante ? Stade Rochelais
74%
Quel tenniswoman polonais remporte son seul grand chelem ne se déroulant pas sur terre ? Iga Swiatek
72%
Quel joueur serbe remporte son troisième titre MVP cette saison-là ? Nikola Jokic
72%
Quel cycliste danois remporte le Tour de France ? Jonas Vingegaard
61%
Quel club de rugby remporte la finale du Top 14 face à Castres ? Montpellier Hérault Rugby
54%
Quel biathlète français a réalisé la plus belle saison de sa carrière avec notamment médailles glanées lors de J.O de Pékin ? Quentin Fillon Maillet
52%
Quelle équipe californienne remporte la finale des play-off NBA ? Golden State Warriors
50%
Quel cycliste belge remporte le Tour d'Espagne ? Remco Evenepoel
35%
Quel cycliste australien remporte le Tour d'Italie ? Jai Hindley
22%
Aucun quiz correspondant
Distribution des résultats
% des personnes avec chaque résultat
Percentile par nombre de réponses
Votre historique - résultats
Vous n’avez pas pris ce quiz depuis la dernière actualisation